Visualizzazione normale
Vista MARC
- Anonimo
di Personal Name
Records bibliografici associati: 1
001 - CONTROL NUMBER
- control field: 20572
003 - CONTROL NUMBER IDENTIFIER
- control field: IT-RoPau
005 - DATE AND TIME OF LATEST TRANSACTION
- control field: 20140412220025.0
008 - FIXED-LENGTH DATA ELEMENTS
- fixed length control field: 140412|| aca||aabn | a|a d
040 ## - CATALOGING SOURCE
- Original cataloging agency: IT-RoPau
- Transcribing agency: IT-RoPau
100 ## - HEADING--PERSONAL NAME
- Personal name: Anonimo
- Dates associated with a name: Codice autore musica SPICS: 2620
- Relator term: Autore musica
- Name of part/section of a work: Red River Valley - Tom Dooley - Cowboy's Lament
670 ## - SOURCE DATA FOUND
- Source citation: Work cat.: (IT-RoPau)100012: AA.VV. 794, Legendary West (The)